000 00434nam a2200181Ia 4500
001 19611
005 20260306172706.0
008 260306t2018||||xx |||||||||||||| ||spa||
041 _aESP
082 _a340.7
_bE373 Nº 35
100 _aBullard, Alfredo
_eAUT
245 0 _aAnálisis económico del derecho
260 _c2018
300 _a184 páginas :
_c20 cm.
650 _aGEN
654 _aCDE
942 _cLIB
_dJUS
_fJUS
_2ddc
_n
999 _c19611
_d19611